Quizzes
Events
Quiz Creation
Community
Videos
Private Events
Remove Ads
Sign In
Join for FREE
Feedback
Dark Mode
Quiz Categories
Sports
Geography
Music
Movies
Television
Just For Fun
Miscellaneous
History
Literature
Language
Science
Gaming
Entertainment
Religion
Holiday
For Kids
Quiz Lab
Recent
Popular Today
Quiz Kudos Today
Editor Picks
Curator Picks
Quizzes by...
Day
Popularity
Type
Ratings
Length
Year
Community
Subscriptions
Recent Discussions
Orange Saloon
Badges
Playlists
Quests
Create
Leaderboards
Showdown
Live 5
Trivia Bingo
Activity
Puzzle Library
Sporcle Events
Private Events
Virtual Trivia
Globe League
Become a Host
Pub Owners
SporcleCon
Opinionation
Our Games
Videos
Blog
Mobile Apps
Partnerships
Remove Ads and Go Orange
Feedback
Music
Pop Music
The Beatles
Song
Album
Lyrics
Bands
Singers
Artist
Clip
Rock
Rap
Classical
Billboard
Country Music
Kpop
Taylor Swift
Music
Pop Music
The Beatles
Song
Album
Lyrics
Bands
Singers
Artist
Clip
Rock
Rap
Classical
Billboard
Country Music
Kpop
Taylor Swift
Random Quiz
Search Sporcle
×
Quiz Lab
Quiz Lab
Music
Song
Type in answers that appear in a list
Type in answers that appear in a list
Classic
Best Score? Go Orange.
Lil Wayne Songs Stats
Can you name the Lil Wayne Songs?
By
crackerrrr
11m
70 Questions
265 Plays
265 Plays
265 Plays
Comments
Comments
Give Quiz Kudos
Give Quiz Kudos
-
- Ratings
hide this ad
Replay
Link that replays current quiz
Next Quiz
Link to next quiz in quiz playlist
You Got
0%
They Got
Avg Score
9%
Avg Friend Score
Upgrade to see
Score Distribution
Jump to the score distribution portion of the page
Score
0/70
Timer
11:00
0
Plays Today
Lyric
Song
% Correct
Tougher than nigerian hair
A Milli
81.5%
Get your baby kidnapped, then your baby motherf****d
3 Peat
52.1%
Beetle juice beetle juice beetle juice
Mr. Carter
29.8%
I dont think your beautiful i think your beyond it
Everygirl
28.3%
She wanna f**k weezy, she wanna rape wayne
Got Money
27.2%
lightin up a motherf****n blunt stupid fruity swag like a motherf****n runt
Ice Cream Paint Job
26.8%
The blunt still wet so pass it like brett
Roger That
23.8%
Cuz once you go wayne everybody else is wack
Knockout
20%
Imma a new orleans n***a i dont take no s**t
Swag Surfin
18.9%
stacks in my backpack shades on hat back
Wasted
18.1%
I'm richer then all ya'll i got a bank full of pride
La La
15.1%
I got game like EA and i wanna let you play
Comfortable
14.3%
What the f**k your girl got on her mind my f*****g d**k
Watch my Shoes
14.3%
And son i know your barrell burnin but
Shoot Me Down
13.6%
suck my d**k wit red lipstick and dont let it smear
Let the beat Build
13.2%
i love her like egyptian
Pussy Money Weed
12.8%
Smoke weed talk s**t like Lane Kiffin
Banned from Tv
12.5%
but i hope you havent forgot about me up in the living room watching sports center
Something You Forgot
12.5%
The motherf*****g best yet, sorry for cussin
Best Rapper Alive
11.7%
Got a pistol on the playground watch the gun play
Dr Carter
9.8%
Weezy f baby you might find that on a titty
Pass the Dutch
9.8%
Sittin on the world, thinkin bout a girl
Break Up
9.4%
I'm rad, I'm rad., and these n****s just squares like plaid
I'm Raw
9.4%
Your girl bless me she sucked my d**k and i sneezed
Stuntin
9.4%
Shotting till my motherf*****g hand fall off
Bang Bang
9.1%
Flip your fitted cap back like fred durst
DOA
8.7%
Got a b***h in the front got a h*e in the back, one rolling a blunt, one cookin the crack
Cash Money Millionaires
8.3%
I'm crack rock fresh baby im that boy
Ask them Hoes
7.5%
We drop a 4 in a 20oz and call it 24's
Me and my drank
7.2%
Im in the gun club, do you want to meet the boucer
I Got No Ceilings
6.8%
feet hurtin i just walked from jerusalem
Runnin
6.4%
Get you 3,4 get you like the number after one imma get me two
You Ain't Got Nothin
6.4%
As i murder Bill Nye the science guy
I'm The Truth
6%
Yuo suck d**k i succeed
Spit
6%
f**k another motherf***a and them other motherf****s cause cant no motherf***a f**k wit a n****a
I Told Ya'll
5.7%
Lyric
Song
% Correct
When i catch that motherf****r imma rape it an leave
Yes
5.7%
and if you hatin baby you can get a side of these these nuts in your mouth now can you swallow please
Upgrade You
5.7%
When you gon let a n***a f**k
Ms. Parker
4.9%
Benjamin Franklin my twin
Da Da Da
4.2%
And you boyfriend's a tampon
New Orleans Maniac
4.2%
I aim at the moon and get my howl on
Cannon Remix
3.4%
Meet a disaster pitty the fool eat a catastrophy
Hit Em Up
3.4%
Just a bunch of female dogs, and garden tools, thats bitches and hoes
I Think I Love Her
3.4%
dear mr. toilet im the ****
Money on my Mind
3.4%
1-
800-
i will d**k you down in this b***h
Action
3%
Say my name baby pull my hair and imma f**k u like a bull i swear
Ground Zero
3%
If it aint about that dough it aint about me neither
Where the Cash At
3%
Crack in my jaws i hope it dont dissolve
La La La
3%
But just like mike tyson we were not a sure thing
California Love
3%
Then hop up out that pretty motherf****r like hello
Ay Man
2.3%
Red scarf on my neck red diamonds lookin like red barf on my neck uuuggh
Get Bizzy
2.3%
I come after the money like wednesday come after tuesday
It's Time to Give Me Mine
2.3%
I'm so y-
o-
u-
n-
g-
m-
o-
n-
e-
y
Stacks On Deck
2.3%
She f*****g me with her eyes
Thinking to Myself
2.3%
This a biggie beat and imma cook this b***h like piggie meat
My Weezy
2.3%
I made her f**k her friend she said dont call her a dike but thats gay
Make Her Say
2.3%
R E L A X like f*****g California
Eat You Alive
1.9%
We aint even gotta go far and we aint gotta talk about the war
Thinking of You
1.9%
like barack i one hell of a black motherf****r
Yeah
1.5%
i got a great idea we should have sex
Reppin Time
1.5%
No laughter i do that after i get the dough bastards
Weezy baby
1.5%
Preserve a n***a put his body in a cooler
Burn This City
1.5%
All yall ass holes get off my d**k, PAUSE!
Fix My Hat
1.1%
And then we shot that BB gun
Lock and Load
1.1%
This world is quite heavy on my aching back
Oh No
1.1%
what is your f****n problem im fron the f****n bottom
Politics
1.1%
Girl i am a blood soowooo
Promise
1.1%
When you look into the mirror in the morning do you recogonize what you see
Ready for the World
1.1%
Uptown hot boy red bandana
Open Shop
0.8%
kill this whole street and street court is adjourned
Pom Pom
0.8%
Quiz Playlist
Details
Report
Send in Message
Add To Playlist
Classic:
Type in answers that appear in a list
Last Updated: Feb 16, 2017
Quiz Scoreboard
CHALLENGE
Sign Up to Join the Scoreboard
Show All
Scores
Hide
Comments
May contain spoilers
Recently Published
Alphabetical 'K' Countries by Flag Minefield
by ylime102
Geography
3m
Pick 6: Fruits
by JohnFran
Miscellaneous
15s
Click the 1999 NBA Draft
by nibperrychub
Sports
2m
More to Explore
Quiz From the Vault
Featured Blog Post
15 Basketball Trivia Facts You Can Be March Mad About
hide this ad
You Might Also Like...
Tags
Song Quiz
lil
Lil Wayne
Wayne
Today's Top Quizzes in Music
Browse Music
hide this ad
Today's Top Quizzes in Song
Browse Song
Top Contributed Quizzes in Music
1
Taylor Swift All Songs (2024)
2
A Taylor Swift Logic Puzzle
3
KPOP LOGIC QUIZ
4
Taylor Swift Logic Puzzle
5
NCT 2020 Logic Puzzle
6
Guess the Taylor Swift song (Mystery Song)
7
Joni Mitchell—'Car on a Hill' Lyrics
8
Guess The Taylor Swift Lyrics Song #1
9
Lana Del Rey songs - match the song with the album
10
kpop group name match up
Explore More
Trending Topics
Crossword
Harry Potter
Disney
Anime
Kpop
Marvel
NBA
WWE
NFL
The Office
Song
Country
Soccer
Puzzle
Pokémon
hide this ad
More By:
crackerrrr
Quiz
Plays
Rating
Category
Featured
Created
Lil Wayne Songs
265
Music
Apr 20, 2010
Go to Creator's Profile
Score Distribution
Quiz Creator Spotlight
crackerrrr
Follow
Send a Message
Quizzes Created
-
Created Quiz Play Count
-
More By This Creator
Popular Quizzes Today
1
Find the US States - No Outlines Minefield
2
Countries of Asia Without Outlines Minefield
3
Pick 6: Fruits
4
The Countries of the World
5
Alphabetical 'K' Countries by Flag Minefield
6
Click the 1999 NBA Draft
7
Match the Book to the Film X
8
Find the US States
More Music Quizzes
Bora in Kpop (Picture Click)
Quiz Lab
Trending Quizzes
Pick 6: Harry Potter
Pick 6: Mountains
Pick 6: NFL Teams
Pick 6: Movie Franchises
Pick 6: Golfers
Recently Updated
Women's Final Four Teams by Year
bhenderson79
Presidents Quartet II
eogle
Anything But Clue(do)
eogle
Anything But Oceanian Capitals
eogle
Anything But 7
eogle
Anything But Thing
eogle
Word Ladder: February 29
pecheneg
Song Title Questions
pecheneg
Women's NCAA Tournament #1 Seeds
pecheneg
Celebrity Mug Shots
pecheneg
Trending Topics
NBA
Harry Potter
Anime
Disney
Marvel
Kpop
Crossword
WWE
Pokémon
The Office
NFL
Song
Soccer
Puzzle
Country
Your Account Isn't Verified!
In order to create a playlist on Sporcle, you need to verify the email address you used during registration. Go to your
Sporcle Settings
to finish the process.
Report this User
Report this user for behavior that violates our
Community Guidelines
.
Details:
Send Report
Go to the Sporcle.com Mobile Site →
Comments